| 000 | 00778nam a2200229 u 4500 | ||
|---|---|---|---|
| 005 | 20240911064020.0 | ||
| 008 | 120702s2008 r 000 0 eng d | ||
| 020 | _a9788484525387 | ||
| 035 | _aUPN01000185612 | ||
| 049 | _aCG | ||
| 050 | 4 |
_aTP248.65 F6.6 _bR4.2 |
|
| 100 | 1 | _aRees, Andy | |
| 245 | 1 | 0 |
_aAlimentos modificados genéticamente : _buna guía breve para las personas confundidas / _cAndy Rees ; Francesc Pont i Casellas. |
| 260 |
_aBarcelona, Esp. : _bIntermón Oxfam, _cc2008. |
||
| 300 | _a296 p. | ||
| 440 | 0 |
_aReferencias ; _v12 |
|
| 534 |
_pTítulo original: _tGenetically modified food. A short guide for the confused |
||
| 650 | 4 |
_aALIMENTOS GENETICAMENTE MODIFICADOS _95492 |
|
| 650 | 2 |
_aBiotecnología _95161 |
|
| 905 | _aLibro | ||
| 999 |
_c157715 _d157715 |
||